Catálogo
 En Linea

La agenda pendiente : (Registro nro. 3568)

Detalles MARC
000 -CABECERA
campo de control de longitud fija 00963nam a2200229 u 4500
001 - NÚMERO DE CONTROL
campo de control 000003746
005 - FECHA Y HORA DE LA ÚLTIMA TRANSACCIÓN
campo de control 20240430111442.0
008 - DATOS DE LONGITUD FIJA--INFORMACIÓN GENERAL
campo de control de longitud fija 090713s1996 dr a 000 0 spa d
020 ## - NÚMERO INTERNACIONAL ESTÁNDAR DEL LIBRO
Número Internacional Estándar del Libro 8489548277
040 ## - FUENTE DE LA CATALOGACIÓN
Centro catalogador/agencia de origen DO-SdBNP
Lengua de catalogación spa
Centro/agencia transcriptor BNPHU
082 ## - NÚMERO DE LA CLASIFICACIÓN DECIMAL DEWEY
Número de clasificación 320.9
Número de documento/Ítem V422a
100 1# - ENTRADA PRINCIPAL--NOMBRE DE PERSONA
Nombre de persona Vega, Bernardo,
Fechas asociadas al nombre 1938 -
9 (RLIN) 3222
245 13 - MENCIÓN DE TÍTULO
Título La agenda pendiente :
Resto del título reformas, geopolítica y frustración; artículos y conferencias 1990-1995. /
Mención de responsabilidad, etc. Bernardo Vega; prólogo José Luis Alemán;.
260 ## - PUBLICACIÓN, DISTRIBUCIÓN, ETC.
Lugar de publicación, distribución, etc. Santo Domingo :
Nombre del editor, distribuidor, etc. Fundación cultural dominicana,
Fecha de publicación, distribución, etc. 1996.
300 ## - DESCRIPCIÓN FÍSICA
Extensión 358p. :
Otras características físicas il. ;
Dimensiones 24 cm.
500 ## - NOTA GENERAL
Nota general Incluye datos biográficos del autor
500 ## - NOTA GENERAL
Nota general Incluye publicaciones de la fundación cultural dominicana.
651 #4 - PUNTO DE ACCESO ADICIONAL DE MATERIA--NOMBRE GEOGRÁFICO
Nombre geográfico República Dominicana
Subdivisión general Politíca Y Gobierno
-- Ensayos, Conferencias, Etc.
9 (RLIN) 1167
651 #4 - PUNTO DE ACCESO ADICIONAL DE MATERIA--NOMBRE GEOGRÁFICO
Nombre geográfico República Dominicana
Subdivisión general Politíca Económica
9 (RLIN) 643
651 #4 - PUNTO DE ACCESO ADICIONAL DE MATERIA--NOMBRE GEOGRÁFICO
Nombre geográfico República Dominicana
Subdivisión general Historia
9 (RLIN) 170
700 1# - PUNTO DE ACCESO ADICIONAL--NOMBRE DE PERSONA
Nombre de persona Alemán, José Luis,
Término indicativo de función/relación pról.
9 (RLIN) 7046
Existencias
Estado de retiro Estado de pérdida Restricciones de uso No para préstamo Código de colección Localización permanente Ubicación/localización actual Ubicación en estantería Fecha de adquisición Número de inventario Total de préstamos Signatura topográfica completa Código de barras Fecha visto por última vez Número de copia Precio válido a partir de Tipo de ítem Koha
        Dominicana de Servicio General General En catalogación 13.07.2009 LF1   320.9 V422a 3746-30 25.06.2020 e.3 25.06.2020 Libro y Folleto Colección Dominicana de Servicio
        Patrimonio Dominicano Patrimonio Dominicano Patrimonio Dominicano En catalogación 13.07.2009 LF1   320.9 V422a 3746-10 25.06.2020   25.06.2020 Libro y Folleto Colección Patrimonio Dominicano
    Préstamo restringido Préstamo restrigido Patrimonio Dominicano Patrimonio Dominicano Patrimonio Dominicano En catalogación 13.07.2009 LF1   320.9 V422a 3746-20 25.06.2020 e.2 25.06.2020 Libro y Folleto Colección Patrimonio Dominicano

Con tecnología Koha